[Event "THA-ch 46th"]
[Site "Bangkok"]
[Date "2023.04.12"]
[Round "1"]
[White "Charoenkwan, Pat"]
[Black "Deeprasert, Fauzi"]
[Result "1-0"]
[WhiteElo "1687"]
[BlackElo "1185"]
[PlyCount "117"]
[EventDate "2023.04.12"]
[EventType "swiss"]
[EventRounds "9"]
[EventCountry "THA"]
[SourceTitle "CBM 213 Extra"]
[Source "ChessBase"]
[SourceDate "2023.05.31"]
[SourceVersion "1"]
[SourceVersionDate "2023.05.31"]
[SourceQuality "1"]

1. d4 d5 2. Nc3 Nf6 3. Bf4 e6 4. Nb5 Na6 5. e3 Be7 6. Nf3 0-0 7. Ne5 c6 8. Nc3 Qa5 9. Be2 Ne4 10. 0-0 Nxc3 11. bxc3 f6 12. Nf3 Qxc3 13. Bxa6 bxa6 14. Rb1 c5 15. Rb3 Qa5 16. dxc5 Qxc5 17. Qe2 e5 18. Bg3 Bd7 19. Qxa6 Bf5 20. Rb5 Qc4 21. Qb7 Rab8 22. Qxd5+ Qxd5 23. Rxd5 Rfc8 24. Bxe5 fxe5 25. Rxe5 Bxc2 26. Rxe7 a5 27. Ra7 a4 28. Rc1 Rd8 29. Nd4 Rdc8 30. h3 Bg6 31. Rxc8+ Rxc8 32. Rxa4 h6 33. Ra7 Rc1+ 34. Kh2 Be4 35. a4 Rf1 36. Kg3 Rg1 37. f3 Bd3 38. Kh2 Ra1 39. g4 Ra2+ 40. Kg3 Ra1 41. Kf4 Rg1 42. h4 Rc1 43. h5 Rc4 44. Kg3 Rc1 45. Ne6 g5 46. hxg6 Bxg6 47. Rg7+ Kh8 48. Rxg6 Kh7 49. Rg7+ Kh8 50. Kf4 Rc4+ 51. Kf5 h5 52. gxh5 Rxa4 53. Rb7 Ra5+ 54. Kg6 Ra8 55. Rd7 Rg8+ 56. Kh6 Rg7 57. Rd8+ Rg8 58. Rxg8+ Kxg8 59. Kg6 1-0

[Event "Thailand Team op"]
[Site "Bangkok"]
[Date "2022.12.04"]
[Round "4.2"]
[White "Burbach, Brunel Baron"]
[Black "Deeprasert, Fauzi"]
[Result "1-0"]
[WhiteElo "1886"]
[BlackElo "1169"]
[PlyCount "58"]
[EventDate "2022.12.03"]
[EventType "team-swiss"]
[EventRounds "9"]
[EventCountry "THA"]
[SourceTitle "CBM 211 Extra"]
[Source "ChessBase"]
[SourceDate "2023.01.31"]
[SourceVersion "1"]
[SourceVersionDate "2023.01.31"]
[SourceQuality "1"]
[WhiteTeam "Pattaya Shark"]
[BlackTeam "Eastville People"]
[WhiteTeamCountry "THA"]
[BlackTeamCountry "THA"]

1. e4 c5 2. Nf3 Nc6 3. d4 cxd4 4. Nxd4 g6 5. Nc3 Bg7 6. Be3 Nf6 7. f3 0-0 8. Qd2 d5 9. Nxc6 bxc6 10. e5 Nd7 11. f4 e6 12. Na4 Qc7 13. Nc5 Nxc5 14. Bxc5 Rd8 15. Qd4 Bf8 16. Bxf8 Kxf8 17. h4 Qb6 18. Qc3 Rb8 19. 0-0-0 c5 20. h5 Qb4 21. Qxb4 Rxb4 22. hxg6 hxg6 23. g3 Kg7 24. a3 Rb8 25. Rd2 Rh8 26. Rxh8 Kxh8 27. c3 c4 28. g4 Bd7 29. Bxc4 Ra8 1-0